Catálogo de publicaciones de la Diputación Provincial de Barcelona y de sus Instituciones y Servicios / María José Buxó-Dulce de Voltes
Descripción Física:
XIX, 182 p. ; 24 cm
MARC
| LEADER | 00000nam a2200000Ia 4500 | ||
|---|---|---|---|
| 001 | 858 | ||
| 008 | 160829s1966 xx 000 0 cat d | ||
| 080 | |a O-1-19 | ||
| 100 | 1 | |a Buxó Dulce Montesinos, María José |9 55238 | |
| 245 | |a Catálogo de publicaciones de la Diputación Provincial de Barcelona y de sus Instituciones y Servicios / María José Buxó-Dulce de Voltes | ||
| 260 | |a Barcelona : |b [Diputació de Barcelona], |c 1966 | ||
| 300 | |a XIX, 182 p. ; |c 24 cm | ||
| 650 | |a Barcelona. Diputació |x Bibliografia |x Catàlegs |9 23827 | ||
| 901 | |a Arxiu | ||
| 942 | |n 1 |2 udc | ||
| 952 | |0 0 |1 0 |4 0 |6 O119 |7 1 |9 42876 |a Arxiu |b Arxiu |d 2016-12-01 |l 0 |o O-1-19 |p 858 |r 2016-12-01 00:00:00 |w 2016-12-01 |y ARXIU | ||
| 999 | |c 45382 |d 45382 | ||